Management development and training in public enterprises / (Record no. 14778)
[ view plain ]
| 000 -LEADER | |
|---|---|
| fixed length control field | 00878cam a2200265 a 4500 |
| 001 - CONTROL NUMBER | |
| control field | 14778 |
| 003 - CONTROL NUMBER IDENTIFIER | |
| rucl marc code | BD-RjUL |
| 005 - DATE AND TIME OF LATEST TRANSACTION | |
| control field | 20211208235705.0 |
| 008 - FIXED-LENGTH DATA ELEMENTS--GENERAL INFORMATION | |
| fixed length control field | 140208s1983 ii a b 000 0 eng |
| 035 ## - SYSTEM CONTROL NUMBER | |
| System control number | (BD-RjUL)14832 |
| 040 ## - CATALOGING SOURCE | |
| Original cataloging agency | DLC |
| Transcribing agency | DLC |
| Modifying agency | BD-RjUL |
| Language of cataloging | eng |
| 041 ## - LANGUAGE CODE | |
| Language code of text/sound track or separate title | eng |
| 082 00 - DEWEY DECIMAL CLASSIFICATION NUMBER | |
| Classification number | 354.540015 |
| Edition number | 19 |
| Author mark and year | MAN 1983 |
| 245 10 - TITLE STATEMENT | |
| Title | Management development and training in public enterprises / |
| Statement of responsibility, etc. | editors, R.K. Mishra, S. Ravishankar. |
| 260 ## - PUBLICATION, DISTRIBUTION, ETC. (IMPRINT) | |
| Place of publication, distribution, etc. | Delhi : |
| Name of publisher, distributor, etc. | Ajanta Publications : |
| Date of publication, distribution, etc. | c1983. |
| 300 ## - PHYSICAL DESCRIPTION | |
| Pagination | xv, 516 p. : |
| Size | 22 cm. |
| Illustrations | ill. ; |
| 504 ## - BIBLIOGRAPHY, ETC. NOTE | |
| Bibliography, etc | Includes bibliographical references. |
| 650 #0 - SUBJECT ADDED ENTRY--TOPICAL TERM | |
| Topical term or geographic name as entry element | Government business enterprises |
| Geographic subdivision | India |
| General subdivision | Management. |
| 9 (RLIN) | 16727 |
| Topical term or geographic name as entry element | Executives |
| General subdivision | Training of |
| Geographic subdivision | India. |
| 9 (RLIN) | 46032 |
| 700 1# - ADDED ENTRY--PERSONAL NAME | |
| Personal name | Mishra, R. K., |
| Dates associated with a name | 1948- |
| Personal name | Ravishankar, S., |
| Dates associated with a name | 1956- |
| 942 ## - ADDED ENTRY ELEMENTS (KOHA) | |
| Source of classification or shelving scheme | Dewey Decimal Classification |
| Koha item type | Books |
| Lost status | Source of classification or shelving scheme | Damaged status | Not for loan | Collection code | Permanent Location | Current Location | Shelving location | Date acquired | Source of acquisition | Cost, normal purchase price | Total Checkouts | Full call number | Date last seen | Copy number | Koha item type |
|---|---|---|---|---|---|---|---|---|---|---|---|---|---|---|---|
| Dewey Decimal Classification | Non-fiction | Central Library, University of Rajshahi | Central Library, University of Rajshahi | 24/05/1990 | Karim International. | 200.00 | 354.540015 MAN 1983 | 08/02/2014 | C-2 | Books | |||||
| Dewey Decimal Classification | Not For Loan | Non-fiction | Central Library, University of Rajshahi | Central Library, University of Rajshahi | Reading Room | 24/05/1990 | Karim International | 200.00 | 354.540015 MAN 1983 | 20/12/2016 | C-1 | Books |